| 000 | 00596nam a22001817a 4500 | ||
|---|---|---|---|
| 003 | BD-DhUL | ||
| 005 | 20180523105833.0 | ||
| 008 | 180522s1944 ii ||||| |||| 00| 0 ben d | ||
| 040 |
_aBD-DhUL _cBD-DhUL |
||
| 082 |
_a891.443 _bSUJ |
||
| 100 | 1 | _aবসু, সুবোধ | |
| 245 | 0 | 0 |
_aজয়যাত্রা / _cসুবোধ বসু |
| 260 |
_aকলিকাতা : _bগ্রন্থাগার, _c১৯৪৪। |
||
| 300 |
_a৯৪ পৃ. ; _c১৯ সেমি.। |
||
| 650 | 4 | _aবাংলা উপন্যাস | |
| 650 | 4 | _aBengali fiction | |
| 942 |
_2ddc _cBK |
||
| 999 |
_c241504 _d241504 |
||